[Event "Sudeste/Centro Oeste-ch U2200"]
[Site "Barbacena"]
[Date "2021.10.24"]
[Round "4"]
[White "Cardoso, Marcio de Lucca"]
[Black "Goncalves, Gustavo E De Olivei"]
[Result "0-1"]
[WhiteElo "1892"]
[BlackElo "1750"]
[PlyCount "60"]
[EventDate "2021.10.22"]
[EventType "swiss"]
[EventRounds "5"]
[EventCountry "BRA"]
[SourceTitle "EXT 2023"]
[Source "ChessBase"]
[SourceDate "2022.10.05"]
[SourceVersion "1"]
[SourceVersionDate "2022.10.05"]
[SourceQuality "1"]

1. e4 c5 2. Nf3 Nc6 3. d4 cxd4 4. Nxd4 e5 5. Nb5 d6 6. c4 a6 7. N5c3 h6 8. Be3 Nf6 9. Nd5 Nxd5 10. cxd5 Nb8 11. Bd3 Be7 12. 0-0 0-0 13. Nc3 Bg5 14. Qd2 Bxe3 15. Qxe3 Nd7 16. Rac1 b5 17. Ne2 Nc5 18. b4 Nxd3 19. Qxd3 f5 20. f3 f4 21. Rc2 Rf6 22. Rfc1 Rg6 23. Kh1 Bd7 24. Qd2 Qh4 25. Qe1 Qh5 26. Rc7 Bh3 27. g4 fxg3 28. R7c3 Bg2+ 29. Kxg2 Qxh2+ 30. Kf1 g2+ 0-1

[Event "Sudeste/Centro Oeste-ch U2200"]
[Site "Barbacena"]
[Date "2021.10.23"]
[Round "3"]
[White "Goncalves, Gustavo E De Olivei"]
[Black "Santanna, Paulo"]
[Result "0-1"]
[WhiteElo "1750"]
[BlackElo "1894"]
[PlyCount "52"]
[EventDate "2021.10.22"]
[EventType "swiss"]
[EventRounds "5"]
[EventCountry "BRA"]
[SourceTitle "EXT 2023"]
[Source "ChessBase"]
[SourceDate "2022.10.05"]
[SourceVersion "1"]
[SourceVersionDate "2022.10.05"]
[SourceQuality "1"]

1. e4 c5 2. Nf3 e6 3. d4 cxd4 4. Nxd4 a6 5. a3 Nf6 6. Nc3 Qc7 7. Be2 b5 8. Bf3 Bb7 9. 0-0 Nc6 10. Re1 Nxd4 11. Qxd4 Bc5 12. Qd3 d6 13. e5 dxe5 14. Nxb5 Qb6 15. Bxb7 Bxf2+ 16. Kf1 Rd8 17. Be3 Bxe3 18. Qxe3 Qxb5+ 19. Kg1 Qxb7 20. h3 Qxb2 21. Qb3 Qxb3 22. cxb3 e4 23. b4 Rd3 24. Rec1 Kd7 25. Rc5 Rc8 26. Ra5 Rc6 0-1

[Event "Fortaleza Cearense zt"]
[Site "Fortaleza"]
[Date "2019.09.28"]
[Round "4"]
[White "Goncalves, Gustavo E De Olivei"]
[Black "Monteiro, Jose Q Montenegro"]
[Result "1-0"]
[WhiteElo "1706"]
[BlackElo "1856"]
[PlyCount "65"]
[EventDate "2019.09.26"]
[EventType "swiss"]
[EventRounds "6"]
[EventCountry "BRA"]
[SourceTitle "EXT 2020"]
[Source "ChessBase"]
[SourceDate "2019.10.17"]
[SourceVersion "1"]
[SourceVersionDate "2019.10.17"]
[SourceQuality "1"]

1. e4 g6 2. d4 Bg7 3. Nf3 d6 4. Bc4 e6 5. c3 Nh6 6. h3 f6 7. Be3 Nf7 8. Qd2 0-0 9. 0-0 d5 10. exd5 exd5 11. Bd3 Nc6 12. Qc2 Ne7 13. Nbd2 Bf5 14. Nb3 b6 15. Rae1 Nd6 16. Bf4 Bxd3 17. Qxd3 Qd7 18. Re2 Rae8 19. Rfe1 Nef5 20. Rxe8 Rxe8 21. Rxe8+ Nxe8 22. Qa6 Nfd6 23. Qxa7 Nc4 24. Qa8 Kf7 25. Nc1 Nxb2 26. Qa3 Nc4 27. Qb3 Qe6 28. Nd3 h5 29. Nde5+ fxe5 30. Ng5+ Ke7 31. Nxe6 Kxe6 32. dxe5 Nxe5 33. Qc2 1-0